000 01239nam a2200241Ia 4500
003 Ost
005 20260507075409.0
008 260507s9999||||xx |||||||||||||| ||und||
020 _a39862749779
040 _cfsecg
041 _aara
082 _a600
100 _aعبد الجليل، توفيق
_eمؤلف
245 0 _aالمحاسبة الحكومية /
_c توفيق عبد الجليل
260 _aالقاهرة:
_bالشركة العربية المتحدة للتسويق والتوريدات,
_c2008
300 _a285 صفحة؛
_bإيضاحات ؛
_c24 سم
504 _aالمراجع ص.285
520 _aيضم المحاسبة الحكومية والمنشآت غير الربحية، الموازنة العامة، عناصر النظام المحاسبي في الحكومة، الأساس النقدي، أساس الإلتزام، مقدمة في محاسبة الأموال المخصصة العامة والخاصة، محاسبة الأموال المخصصة الأخرى، القوائم المالية والحسابات الختامية
653 _aالمحاسبة
653 _aالمحاسبة الحكومية
700 _aالبدور، خالد
_eمؤلف ثانوي
942 _cكتاب
999 _c44366
_d44366